Životopis utonulé /

Main Author: Choma, Branislav, 1924-2007
Other Authors: Karpatský, Dušan, 1935-2017
Language: Czech
Published: Praha : Melantrich, 1972
Physical Description: 183 s.
Book
Saved in:
LEADER 00829nam a22002532a 4500
001 000939319
003 CZ BrMZK
005 20090519144430.0
007 ta
008 090518s1972 xr er|||||||||||cze d
040 |a BOA001  |b cze 
041 1 |a cze  |h slo 
100 1 |a Choma, Branislav,  |d 1924-2007  |7 ola2002150728  |4 aut 
245 1 0 |a Životopis utonulé /  |c Branko Belan ; přeložil Dušan Karpatský 
260 |a Praha :  |b Melantrich,  |c 1972 
300 |a 183 s. 
500 |a Přeloženo ze slovenštiny 
580 |a Samostatná příloha k: Ahoj na sobotu, 1972, č. 1-23 
700 1 |a Karpatský, Dušan,  |d 1935-2017  |7 jk01053088  |4 trl 
787 1 8 |t Ahoj na sobotu 
910 |a BOA001  |b 1-0693.739 
990 |a BK 
991 |b 200905 
996 6 |b 2619524384  |c 1-0693.739  |l MZK  |r Sklad / do 1 hodiny  |n 0  |w 000939319  |u 000010  |a 1  |e BOA001  |j MZK50  |s P